[Event "Avoine op 26th"]
[Site "Avoine"]
[Date "2011.07.26"]
[Round "4"]
[White "Monpeurt, Cyrielle"]
[Black "Mignard, Gregory"]
[Result "1-0"]
[WhiteElo "1974"]
[BlackElo "1820"]
[PlyCount "49"]
[EventDate "2011.07.23"]
[EventType "swiss"]
[EventRounds "9"]
[EventCountry "FRA"]
[SourceTitle "EXT 2012"]
[Source "ChessBase"]
[SourceDate "2011.11.24"]
[SourceVersion "1"]
[SourceVersionDate "2011.11.24"]
[SourceQuality "1"]

1. e4 c6 2. d4 d5 3. Nc3 dxe4 4. Nxe4 Bf5 5. Ng3 Bg6 6. h4 h6 7. N1e2 Nf6 8. Nf4 Bh7 9. Bc4 e6 10. 0-0 Bd6 11. Re1 Bxf4 12. Bxf4 0-0 13. c3 b5 14. Bb3 Nbd7 15. Nh5 Nxh5 16. Qxh5 Qf6 17. Bd6 Rfe8 18. Re3 Bg6 19. Qg4 Qf5 20. Qg3 Nf6 21. Rae1 Qg5 22. Qh2 Nd5 23. Rg3 Qf5 24. Rf3 Qh5 25. Bd1 1-0

[Event "Avoine op 24th"]
[Site "Avoine"]
[Date "2009.07.21"]
[Round "4"]
[White "Le Ray, Jean Yves"]
[Black "Mignard, Gregory"]
[Result "1-0"]
[WhiteElo "1959"]
[BlackElo "1829"]
[PlyCount "79"]
[EventDate "2009.07.18"]
[EventType "swiss"]
[EventRounds "9"]
[EventCountry "FRA"]
[SourceTitle "CBM 131 Extra"]
[Source "ChessBase"]
[SourceDate "2009.09.03"]
[SourceVersion "2"]
[SourceVersionDate "2009.09.16"]
[SourceQuality "1"]

1. Nf3 Nf6 2. g3 g6 3. Bg2 Bg7 4. 0-0 d6 5. c4 0-0 6. Nc3 Nc6 7. d3 Ng4 8. Rb1 e5 9. h3 Nh6 10. b4 Rb8 11. Qa4 a6 12. b5 axb5 13. cxb5 Ne7 14. Bd2 Bd7 15. Ne4 Qc8 16. Kh2 Ra8 17. Qc2 Be6 18. a4 Nd5 19. Rfc1 f5 20. Neg5 Nf7 21. Nxe6 Qxe6 22. Qc4 e4 23. Ne1 Ne5 24. Qb3 Qf7 25. f4 exf3 26. Nxf3 Nb6 27. a5 Qxb3 28. Rxb3 Nbd7 29. Nxe5 Bxe5 30. Rxc7 Nc5 31. Rb1 f4 32. Bd5+ Kh8 33. gxf4 Bxf4+ 34. Bxf4 Rxf4 35. a6 Rf2+ 36. Kg1 Rxe2 37. Bxb7 Rf8 38. a7 Nxb7 39. Rxb7 Kg8 40. Rb8 1-0